Những trang đời, trang văn (Tập tiểu luận, phê bình)
Shranjeno v:
| Glavni avtor: | |
|---|---|
| Format: | Knjiga |
| Jezik: | Undetermined |
| Izdano: |
Huế
Thuận Hóa
1998
|
| Teme: | |
| Oznake: |
Označite
Brez oznak, prvi označite!
|
| Thư viện lưu trữ: | Trung tâm Học liệu Trường Đại học Cần Thơ |
|---|
| LEADER | 00604nam a2200193Ia 4500 | ||
|---|---|---|---|
| 001 | CTU_27459 | ||
| 008 | 210402s9999 xx 000 0 und d | ||
| 020 | |b 8.000đ | ||
| 082 | |a 809.3 | ||
| 082 | |b V308 | ||
| 100 | |a Lê Xuân Việt | ||
| 245 | 0 | |a Những trang đời, trang văn (Tập tiểu luận, phê bình) | |
| 245 | 0 | |c Lê Xuân Việt | |
| 260 | |a Huế | ||
| 260 | |b Thuận Hóa | ||
| 260 | |c 1998 | ||
| 650 | |a vietnamese literature - 20th century - history and criticism | ||
| 904 | |i Minh, 981223 | ||
| 980 | |a Trung tâm Học liệu Trường Đại học Cần Thơ | ||